EM-Rekordtorjäger - Statistiken

Allgemein
  • Dieses Quiz wurde 954 mal gespielt
    904 seit der letzten Aktualisierung
  • Das Durchschnittsergebnis liegt bei 5 aus 12
Antwortstatistiken
Tore Nationalität Spieler % Korrekt
14 Portugal Cristiano Ronaldo
100%
6 Schweden Zlatan Ibrahimović
71%
6 Belgien Romelu Lukaku
69%
6 Frankreich Thierry Henry
60%
7 Frankreich Antoine Griezmann
52%
6 England Wayne Rooney
50%
9 Frankreich Michel Platini
36%
6 Niederlande Ruud van Nistelrooy
34%
7 England Alan Shearer
31%
6 Spanien Álvaro Morata
27%
6 Niederlande Patrick Kluivert
14%
6 Portugal Nuno Gomes
5%
Keine übereinstimmenden Quizze gefunden
Verteilung der Resultate
Anzahl Personen mit jedem Resultat
Perzentil nach korrekt beantworteten Fragen
Ihre Resultats-Entwicklung
Sie haben dieses Quiz seit der letzten Aktualisierung nicht gespielt